000
00441nam a22001337a 4500
008
110506t xxu||||| |||| 00| 0 eng d
020
_a
0406093326
082
_a
348,041
245
_a
The Law Reports Kings Bench Division 1928 Vol 1 /
260
_a
London:
_b
Butterworths & co ltd.
_c
1974.
300
_a
v;
942
_2
ddc
_c
BK
999
_c
1265
_d
1265